[Event "corr t-161"]
[Site "?"]
[Date "2004.??.??"]
[Round "?"]
[White "Yarmolyuk, YuP"]
[Black "Kochan, IM."]
[Result "1-0"]
[WhiteElo "2270"]
[BlackElo "2175"]
[PlyCount "117"]
[EventDate "2004.??.??"]

1. c4 e5 2. Nc3 Nf6 3. Nf3 Nc6 4. d4 exd4 5. Nxd4 Bb4 6. e3 Bxc3+ 7. bxc3 O-O
8. Be2 d6 9. O-O Ne5 10. Qc2 Bg4 11. f3 Bd7 12. e4 Re8 13. Rb1 Rb8 14. Rd1 b6
15. Be3 a6 16. Qd2 Kh8 17. Nc2 Be6 18. Nb4 a5 19. Nd5 h6 20. Bd4 Ned7 21. Qe1
Rc8 22. Qf2 Ra8 23. a3 Kg8 24. Re1 Rc8 25. Bd1 Nh7 26. Ba4 Rf8 27. Bc6 Ne5 28.
Bxe5 dxe5 29. c5 Rb8 30. c4 Bxd5 31. exd5 Qe7 32. cxb6 Rxb6 33. Rxb6 cxb6 34.
Qxb6 Qxa3 35. Qe3 Qb4 36. Rc1 Qb2 37. Qc3 Qb4 38. Qxb4 axb4 39. Rb1 Rb8 40. Bb5
Kf8 41. Rxb4 Nf6 42. d6 Nd7 43. Bxd7 Rxb4 44. c5 Rd4 45. Kf2 Rd5 46. c6 Rxd6
47. c7 Rxd7 48. c8=Q+ Ke7 49. Qc5+ Ke6 50. Qc4+ Kd6 51. Qb4+ Kc6 52. f4 f6 53.
fxe5 fxe5 54. Ke3 Kd5 55. Qb5+ Kd6 56. Ke4 Re7 57. Qd5+ Kc7 58. Qd2 Kc8 59. Qd6
{Time 62/111} 1-0

[Event "corr t-161"]
[Site "?"]
[Date "2004.??.??"]
[Round "?"]
[White "Zholob, AF."]
[Black "Tesel'ko, VL."]
[Result "1/2-1/2"]
[WhiteElo "2205"]
[BlackElo "2230"]
[PlyCount "54"]
[EventDate "2004.??.??"]

1. d4 e6 2. e4 b6 3. c4 Bb7 4. Bd3 Bb4+ 5. Nc3 f5 6. Qe2 Nf6 7. Bg5 fxe4 8.
Bxe4 Bxc3+ 9. bxc3 Bxe4 10. Bxf6 Qxf6 11. Qxe4 Nc6 12. Nf3 O-O 13. O-O Rae8 14.
Rae1 a6 15. Re2 Re7 16. Qd3 Qf5 17. Qd1 Na5 18. Re5 Qg6 19. c5 Nc4 20. Rg5 Qf6
21. cxb6 cxb6 22. Rg3 Rc8 23. Qa4 a5 24. Qb5 Qf5 25. Qb3 h6 26. Qd1 e5 27. dxe5
27... Nxe5 {Time 63/70} 1/2-1/2

[Event "corr t-161"]
[Site "?"]
[Date "2004.??.??"]
[Round "?"]
[White "Moiseev, SV."]
[Black "Shabanov, VM."]
[Result "1-0"]
[WhiteElo "2250"]
[BlackElo "2305"]
[PlyCount "75"]
[EventDate "2004.??.??"]

1. d4 Nf6 2. c4 g6 3. Nc3 Bg7 4. e4 d6 5. f3 O-O 6. Be3 Nc6 7. Nge2 a6 8. Qd2
Rb8 9. g4 e5 10. d5 Na5 11. Ng3 c5 12. dxc6 Nxc6 13. O-O-O Be6 14. Qxd6 Qc8 15.
Bb6 Nd4 16. g5 Nd7 17. Ba7 Ra8 18. Bxd4 exd4 19. Nd5 Re8 20. Kb1 Be5 21. Qb4
Qd8 22. Qd2 Nc5 23. Ne2 Bxd5 24. cxd5 Qb6 25. Nxd4 Rac8 26. a3 Nb3 27. Nxb3
Qxb3 28. Bd3 Rc3 29. Bc2 Qb6 30. f4 Bg7 31. e5 Rxa3 32. Qd4 Qxd4 33. Rxd4 Rh3
34. d6 h6 35. gxh6 Bxh6 36. f5 Re3 37. e6 fxe6 38. fxe6 {Time 52/90} 1-0

[Event "corr t-161"]
[Site "?"]
[Date "2004.??.??"]
[Round "?"]
[White "Kochan, IM."]
[Black "Tsupko, BYu"]
[Result "1/2-1/2"]
[WhiteElo "2175"]
[BlackElo "2320"]
[PlyCount "81"]
[EventDate "2004.??.??"]

1. e4 Nf6 2. e5 Nd5 3. d4 d6 4. Nf3 g6 5. Bc4 Nb6 6. Bb3 Bg7 7. Ng5 e6 8. f4
dxe5 9. fxe5 c5 10. O-O O-O 11. c3 cxd4 12. cxd4 Nc6 13. Nf3 f6 14. exf6 Qxf6
15. Be3 Nd5 16. Bxd5 exd5 17. Nc3 Be6 18. Rc1 Qe7 19. Qd2 Rf5 20. Ne2 Raf8 21.
Bh6 Bxh6 22. Qxh6 R5f6 23. Qe3 Bg4 24. Qxe7 Nxe7 25. Rc7 Nf5 26. Rxb7 Nh4 27.
Rc1 Nxf3+ 28. gxf3 Rxf3 29. Ng3 Rf2 30. Rcc7 R8f7 31. Rb8+ Kg7 32. Rxa7 Rxa7
33. Kxf2 Rxa2 34. Nf1 Ra4 35. Rb7+ Kf6 36. b4 Ra2+ 37. Kg3 h5 38. Ne3 Ra3 39.
Rb6+ Kf7 40. Kf2 Ra2+ 41. Kg3 {Time 50/52} 1/2-1/2

[Event "corr t-161"]
[Site "?"]
[Date "2004.??.??"]
[Round "?"]
[White "Tesel'ko, VL."]
[Black "Voronin, OS."]
[Result "0-1"]
[WhiteElo "2230"]
[BlackElo "2345"]
[PlyCount "68"]
[EventDate "2004.??.??"]

1. c4 e5 2. Nc3 Nc6 3. g3 g6 4. Bg2 Bg7 5. e3 d6 6. Rb1 a5 7. a3 Be6 8. d3 Nf6
9. Nge2 d5 10. Qb3 Ne7 11. cxd5 Nfxd5 12. Qxb7 Rb8 13. Qa7 c6 14. O-O O-O 15.
Qc5 Nxc3 16. Nxc3 Bb3 17. Ra1 Rb7 18. Ne4 a4 19. Qc3 Rb5 20. Bd2 Bd5 21. Rfc1
c5 22. Qc2 Qb8 23. Bc3 Rd8 24. Bh3 Qa8 25. Nd2 f6 26. Bg4 f5 27. e4 Bb3 28.
Nxb3 axb3 29. Qe2 fxg4 30. d4 Qa4 31. d5 h5 32. Bd2 Nc8 33. Rc4 Qa7 34. a4
34... Nd6 {Time 102/125} 0-1

[Event "corr t-161"]
[Site "?"]
[Date "2004.??.??"]
[Round "?"]
[White "Shabanov, VM."]
[Black "Zholob, AF."]
[Result "1/2-1/2"]
[WhiteElo "2305"]
[BlackElo "2205"]
[PlyCount "41"]
[EventDate "2004.??.??"]

1. e4 e6 2. d4 d5 3. Nd2 c5 4. Ngf3 cxd4 5. Nxd4 Nf6 6. e5 Nfd7 7. N2f3 Nc6 8.
Bb5 Qc7 9. Bf4 a6 10. Bxc6 bxc6 11. c3 c5 12. Ne2 Bb7 13. O-O Be7 14. Bg3 Qc6
15. Qd2 a5 16. Nf4 h5 17. h4 Qc7 18. Nh3 Nf8 19. Nhg5 Ng6 20. Rfe1 Ra6 21. Rad1
{Time 54/45} 1/2-1/2

[Event "corr t-161"]
[Site "?"]
[Date "2004.??.??"]
[Round "?"]
[White "Shabanov, VM."]
[Black "Tyutyunnyk, RM."]
[Result "0-1"]
[WhiteElo "2255"]
[BlackElo "2160"]
[PlyCount "82"]
[EventDate "2004.??.??"]

1. e4 e5 2. Nf3 Nc6 3. Bb5 a6 4. Ba4 Nf6 5. O-O Be7 6. Re1 b5 7. Bb3 O-O 8. c3
d6 9. h3 Bb7 10. d4 Re8 11. Nbd2 Bf8 12. Bc2 g6 13. b3 d5 14. dxe5 Nxe5 15.
Nxe5 Rxe5 16. f4 Re8 17. e5 Bc5+ 18. Kh2 Nh5 19. Qf3 Qh4 20. g3 Qe7 21. Bb2 a5
22. Rad1 Ng7 23. c4 c6 24. f5 Nxf5 25. Bxf5 gxf5 26. Qxf5 Qe6 27. Qf4 a4 28. b4
Bf8 29. c5 Qg6 30. Nf1 Bc8 31. a3 Bh6 32. Qd4 Qc2+ 33. Nd2 Ra7 34. g4 Rae7 35.
e6 f6 36. g5 Rxe6 37. Rg1 Bf8 38. gxf6+ Kf7 39. Qh4 Re2+ 40. Kh1 Bf5 41. Qf4
41... Bh6 {Time 95/80} 0-1

[Event "corr t-161"]
[Site "?"]
[Date "2004.??.??"]
[Round "?"]
[White "Kochan, IM."]
[Black "Moiseev, SV."]
[Result "1-0"]
[WhiteElo "2175"]
[BlackElo "2250"]
[PlyCount "77"]
[EventDate "2004.??.??"]

1. e4 c5 2. Nf3 Nc6 3. d4 cxd4 4. Nxd4 Nf6 5. Nc3 e5 6. Ndb5 d6 7. Bg5 a6 8.
Na3 Be6 9. Nc4 Rc8 10. Nd5 Bxd5 11. Bxf6 gxf6 12. Qxd5 Nd4 13. O-O-O b5 14. c3
bxc4 15. cxd4 Qc7 16. Kc2 f5 17. dxe5 dxe5 18. exf5 Bb4 19. f4 O-O 20. fxe5
Rfd8 21. Qf3 Rxd1 22. Qxd1 Qxe5 23. Qg4+ Kf8 24. f6 Rd8 25. Qg7+ Ke8 26. Qg8+
Bf8 27. Qg4 Rb8 28. b3 Qxf6 29. Qe4+ Be7 30. Bxc4 Qg6 31. Qxg6 hxg6 32. Bxa6
Kd8 33. Rd1+ Kc7 34. a4 Rb6 35. Bc4 f5 36. a5 Rb8 37. a6 Bc5 38. Bf7 f4 39.
Bxg6 1-0

[Event "corr t-161"]
[Site "?"]
[Date "2004.??.??"]
[Round "?"]
[White "Michishin, AM."]
[Black "Pastyrsky, ChS"]
[Result "1-0"]
[WhiteElo "2305"]
[BlackElo "2150"]
[PlyCount "61"]
[EventDate "2004.??.??"]

1. d4 Nf6 2. c4 e6 3. Nc3 Bb4 4. Qc2 O-O 5. a3 Bxc3+ 6. Qxc3 b6 7. Nf3 Bb7 8.
e3 d6 9. Be2 Nbd7 10. O-O Ne4 11. Qc2 f5 12. Ne1 c5 13. f3 Ng5 14. d5 exd5 15.
cxd5 Bxd5 16. Qd3 Be6 17. Qxd6 Qf6 18. e4 Nf7 19. Qd1 Rad8 20. exf5 Bxf5 21. g4
Be6 22. Ng2 Nde5 23. Qc2 Bd5 24. Qc3 Qe6 25. Nf4 Qe7 26. Nxd5 Rxd5 27. f4 Nc6
28. Bc4 Nd4 29. Rf2 Rdd8 30. Be3 Kh8 31. Bf1 {Vybuv} 1-0

[Event "corr t-161"]
[Site "?"]
[Date "2004.??.??"]
[Round "?"]
[White "Pastyrsky, ChS"]
[Black "Yarmolyuk, YuP"]
[Result "0-1"]
[WhiteElo "2150"]
[BlackElo "2270"]
[PlyCount "56"]
[EventDate "2004.??.??"]

1. e4 e5 2. Nf3 Nc6 3. d4 exd4 4. Nxd4 Bc5 5. Be3 Qf6 6. c3 Nge7 7. Bc4 Ne5 8.
Be2 Qg6 9. Nb5 Bxe3 10. Nxc7+ Kd8 11. Nxa8 Qxg2 12. Rf1 Bf4 13. Nd2 b5 14. Qb3
Bb7 15. Qxb5 Kc8 16. Rd1 Bxa8 17. Nc4 N5c6 18. Qa4 Ng6 19. Rd3 Bb7 20. h3 Re8
21. e5 Bxe5 22. Re3 Re6 23. Nxe5 Ncxe5 24. Kd1 Bf3 25. Re1 Qxf2 26. Qd4 Bxe2+
27. R1xe2 Qf1+ 28. Kc2 Qf5+ 0-1

[Event "corr t-161"]
[Site "?"]
[Date "2004.??.??"]
[Round "?"]
[White "Pastyrsky, ChS"]
[Black "Tesel'ko, VL."]
[Result "1-0"]
[WhiteElo "2150"]
[BlackElo "2230"]
[PlyCount "61"]
[EventDate "2004.??.??"]

1. d4 e6 2. c4 f5 3. Bf4 Nf6 4. a3 Be7 5. e3 d5 6. Nf3 O-O 7. Nc3 Ne4 8. Qc2 c6
9. Bd3 Nd7 10. h3 Bd6 11. cxd5 cxd5 12. Bxe4 Bxf4 13. Bxd5 exd5 14. exf4 Re8+
15. Ne5 Nb6 16. O-O Bd7 17. a4 Rc8 18. Qb3 Bc6 19. a5 Na8 20. a6 Qb6 21. Qxb6
axb6 22. axb7 Bxb7 23. Ra7 Re7 24. Rfa1 Kf8 25. g3 g6 26. Nb5 Rd8 27. Rc1 Kg8
28. g4 Kf8 29. gxf5 gxf5 30. Kh2 Rg7 31. Rg1 {Time 63/76} 1-0

[Event "corr t-161"]
[Site "?"]
[Date "2004.??.??"]
[Round "?"]
[White "Voronin, OS."]
[Black "Pastyrsky, ChS"]
[Result "1-0"]
[WhiteElo "2345"]
[BlackElo "2150"]
[PlyCount "65"]
[EventDate "2004.??.??"]

1. e4 c5 2. c3 Nf6 3. e5 Nd5 4. d4 cxd4 5. Nf3 Nc6 6. cxd4 d6 7. Bc4 Nb6 8. Bb3
dxe5 9. d5 Nb4 10. Nxe5 N4xd5 11. O-O e6 12. Nc3 Bd6 13. Qh5 O-O 14. Nxd5 Nxd5
15. Rd1 Qf6 16. Ng4 Qe7 17. Bg5 f6 18. Bd2 Bd7 19. Bxd5 exd5 20. Qxd5+ Be6 21.
Qf3 Rad8 22. Bc3 Bb8 23. a3 Qc7 24. g3 Qf7 25. Ne3 Rfe8 26. Rxd8 Rxd8 27. Rd1
Rxd1+ 28. Qxd1 Qd7 29. Qxd7 Bxd7 30. f3 Kf7 31. Kf2 Ke6 32. f4 a5 33. Bxa5 {
Time 49/53} 1-0

[Event "corr t-161"]
[Site "?"]
[Date "2004.??.??"]
[Round "?"]
[White "Pastyrsky, ChS"]
[Black "Kochan, IM."]
[Result "0-1"]
[WhiteElo "2150"]
[BlackElo "2175"]
[PlyCount "76"]
[EventDate "2004.??.??"]

1. d4 Nf6 2. c4 e6 3. Nc3 Bb4 4. e3 O-O 5. Nf3 d5 6. Bd3 c5 7. O-O dxc4 8. Bxc4
Nbd7 9. Qe2 b6 10. Rd1 cxd4 11. exd4 Bb7 12. Ne5 Rc8 13. Bg5 Bxc3 14. bxc3 Qc7
15. Nxd7 Nxd7 16. Bb5 Qd6 17. Rac1 Qd5 18. f4 f6 19. Bh4 Rfd8 20. c4 Qf5 21. g4
Qe4 22. Qxe4 Bxe4 23. Kf2 a6 24. Bxa6 Ra8 25. Re1 Bg6 26. Bb7 Rxa2+ 27. Kg1 Nf8
28. Bf2 Bd3 29. c5 bxc5 30. dxc5 Bb5 31. c6 Rdd2 32. c7 Bd7 33. Be3 Rxh2 34.
c8=Q Bxc8 35. Rxc8 Rh4 36. f5 Rxg4+ 37. Kf1 Rb2 38. fxe6 Rxb7 0-1

[Event "corr t-161"]
[Site "?"]
[Date "2004.??.??"]
[Round "?"]
[White "Shabanov, VM."]
[Black "Pastyrsky, ChS"]
[Result "0-1"]
[WhiteElo "2305"]
[BlackElo "2150"]
[PlyCount "82"]
[EventDate "2004.??.??"]

1. e4 e5 2. Nf3 Nc6 3. Bb5 a6 4. Ba4 Nf6 5. O-O Be7 6. Re1 b5 7. Bb3 d6 8. c3
O-O 9. h3 Bb7 10. d4 Re8 11. Nbd2 Bf8 12. Bc2 exd4 13. cxd4 Nb4 14. Bb1 c5 15.
b3 g6 16. Bb2 Bg7 17. a3 Nc6 18. d5 Nb8 19. Nf1 Nbd7 20. Qd2 Nh5 21. Bxg7 Kxg7
22. g4 $2 22... Qf6 23. Bd3 Qxf3 24. gxh5 Ne5 25. Re3 Qf6 26. h6+ Kf8 27. Rd1
Nf3+ 28. Rxf3 Qxf3 29. Nh2 Qxh3 30. Qf4 Ke7 31. Ng4 Qh4 32. Re1 Bc8 33. Be2
Bxg4 34. Bxg4 g5 35. Qf3 Qxh6 36. Kg2 Qf6 37. Qh3 Rad8 38. Re3 Qg7 39. Bf5 Rh8
40. Qh5 h6 41. Rf3 41... a5 {Time 82/33} 0-1

[Event "corr t-161"]
[Site "?"]
[Date "2004.??.??"]
[Round "?"]
[White "Tyutyunnyk, RM."]
[Black "Michishin, AM."]
[Result "1-0"]
[WhiteElo "2155"]
[BlackElo "2305"]
[PlyCount "93"]
[EventDate "2004.??.??"]

1. e4 e5 2. Nf3 Nc6 3. Bb5 a6 4. Ba4 Nf6 5. O-O Be7 6. Re1 b5 7. Bb3 d6 8. c3
O-O 9. h3 Bb7 10. d4 Re8 11. Nbd2 Bf8 12. a4 h6 13. Bc2 Rb8 14. d5 Ne7 15. b3
c6 16. c4 Qc7 17. Bd3 cxd5 18. exd5 bxc4 19. bxc4 Nd7 20. Ba3 Nc5 21. Bxc5 Qxc5
22. Ne4 Qc7 23. c5 Nxd5 24. cxd6 Bxd6 25. Rc1 Qd8 26. Nxd6 Qxd6 27. Be4 Rbd8
28. Qb3 Rd7 29. Rcd1 g6 30. Qb2 Kh7 31. h4 Rde7 32. Qb3 Rd7 33. h5 Bc6 34. Rd2
Rb8 35. hxg6+ fxg6 36. Qc2 Rb4 37. Nxe5 Bxa4 38. Bxg6+ Kg7 39. Qd3 Rd8 40. Bf7
Qf6 41. Bxd5 Rc8 42. Rde2 Bb5 43. Nc4 Bxc4 44. Qg3+ Qg5 45. Re7+ Kg6 46. R1e6+
Kh5 47. Bf3+ {Time 75/151} 1-0

[Event "corr t-161"]
[Site "?"]
[Date "2004.??.??"]
[Round "?"]
[White "Tsupko, BYu"]
[Black "Voronin, OS."]
[Result "1-0"]
[WhiteElo "2230"]
[BlackElo "2345"]
[PlyCount "69"]
[EventDate "2004.??.??"]

1. d4 Nf6 2. c4 e6 3. g3 d5 4. Bg2 dxc4 5. Nf3 a6 6. O-O Nc6 7. e3 Bd7 8. Nc3
Bd6 9. Qe2 b5 10. Rd1 O-O 11. e4 Be7 12. Bg5 Nb4 13. a3 Nd3 14. Bxf6 Bxf6 15.
e5 Be7 16. Ne1 Nxe1 17. Bxa8 Qxa8 18. Rxe1 c5 19. dxc5 Bxc5 20. Ne4 Be7 21.
Rad1 Bc6 22. Qg4 Kh8 23. Rd4 Bd5 24. Qf4 f5 25. exf6 gxf6 26. Qc7 Bd8 27. Qd6
Rf7 28. Rxd5 Qxd5 29. Qxa6 e5 30. Nd6 Rd7 31. Nxb5 Qd2 32. Rb1 Qc2 33. Rf1 Qxb2
34. Qc6 Rd3 35. Nd6 {Time 49/117} 1-0

[Event "corr t-161"]
[Site "?"]
[Date "2004.??.??"]
[Round "?"]
[White "Tsupko, BYu"]
[Black "Yarmolyuk, YuP"]
[Result "1/2-1/2"]
[WhiteElo "2230"]
[BlackElo "2270"]
[PlyCount "106"]
[EventDate "2004.??.??"]

1. d4 Nf6 2. c4 c5 3. d5 b5 4. cxb5 a6 5. bxa6 Bxa6 6. Nc3 g6 7. e4 Bxf1 8.
Kxf1 d6 9. g3 Bg7 10. Kg2 O-O 11. Nf3 Nbd7 12. Re1 Ng4 13. Re2 Qa5 14. Rc2 Rfb8
15. Qe2 Qa6 16. Qxa6 Rxa6 17. h3 Nge5 18. Ne1 c4 19. Be3 Nd3 20. Nxd3 cxd3 21.
Rd2 Rxb2 22. Rxb2 Bxc3 23. Rab1 Bxb2 24. Rxb2 f5 25. exf5 gxf5 26. Kf3 Kf7 27.
Kf4 Kg6 28. Bd4 Ra5 29. Ke3 Rxd5 30. f3 e5 31. Bc3 Nc5 32. Bd2 Ne6 33. a4 f4+
34. gxf4 exf4+ 35. Kf2 Re5 36. Bc3 Re3 37. a5 Ng5 38. a6 Rxf3+ 39. Kg1 d2 40.
Bxd2 Ra3 41. Rb6 Ra1+ 42. Kh2 Nf3+ 43. Kg2 Nxd2 44. Rxd6+ Kf5 45. Rxd2 Rxa6 46.
Rd7 h6 (46... Ra2+ 47. Kf3 Ra3+ 48. Kf2 Rxh3 49. Rf7+ Ke5 50. Re7+ Kf6 51. Re8
51... Ra3 $11) 47. Rf7+ Rf6 48. Ra7 Re6 49. Kf2 h5 50. Ra8 Re3 51. Rf8+ Kg5 52.
Rg8+ Kh4 53. Rf8 53... Kxh3 {Time 65/46} 1/2-1/2

[Event "corr t-161"]
[Site "?"]
[Date "2004.??.??"]
[Round "?"]
[White "Bayda, VP."]
[Black "Tyutyunnyk, RM."]
[Result "0-1"]
[WhiteElo "2160"]
[BlackElo "2155"]
[PlyCount "86"]
[EventDate "2004.??.??"]

1. d4 Nf6 2. Bg5 g6 3. Nc3 Bg7 4. e4 d6 5. Qd2 c6 6. Nf3 Bg4 7. Be2 b5 8. a3
O-O 9. h3 Bc8 10. O-O Nbd7 11. Rad1 Nb6 12. Bh6 Nc4 13. Qc1 Nxb2 14. Rde1 Nc4
15. e5 dxe5 16. dxe5 Nd5 17. Ne4 Ndb6 18. Ng3 Qc7 19. Bd3 f5 20. Bxg7 Kxg7 21.
e6 Nd6 22. Re5 Nbc4 23. Ree1 a5 24. Nh4 f4 25. Ne2 Qb6 26. Nxf4 Qc5 27. g4 Rf6
28. Re2 Bb7 29. Nhg2 Raf8 30. h4 h6 31. h5 g5 32. Ng6 Re8 33. Kh2 Qxa3 34. Qxa3
Nxa3 35. f4 c5 36. Ne3 b4 37. Ree1 c4 38. Nf5+ Nxf5 39. Bxf5 gxf4 40. Re5 a4
41. Rd1 Nxc2 42. Rd7 Bc8 43. Nxf4 43... a3 {Time 99/122} 0-1

[Event "corr t-161"]
[Site "?"]
[Date "2004.??.??"]
[Round "?"]
[White "Andryuschenko, MM."]
[Black "Kochan, IM."]
[Result "1-0"]
[WhiteElo "2205"]
[BlackElo "2175"]
[PlyCount "79"]
[EventDate "2004.??.??"]

1. e4 e5 2. Nf3 Nf6 3. Nc3 Nc6 4. g3 Bb4 5. Bg2 O-O 6. O-O d6 7. d3 Bg4 8. h3
Bd7 9. Nd5 Nxd5 10. exd5 Ne7 11. c3 Bc5 12. d4 exd4 13. Nxd4 Nf5 14. Nb3 Bb6
15. Qf3 Re8 16. Bd2 a5 17. Rfe1 a4 18. Rxe8+ Qxe8 19. Re1 Qf8 20. Nc1 Re8 21.
Rxe8 Qxe8 22. Nd3 Qd8 23. h4 c5 24. dxc6 bxc6 25. Nb4 Ne7 26. Bg5 d5 27. Qe2 f6
28. Be3 Kf8 29. Bxb6 Qxb6 30. Qc2 a3 31. bxa3 Qc5 32. Qb3 Bf5 33. a4 Qd6 34. a5
Qe5 35. Qb2 c5 36. a6 Qb8 37. Nd3 Qxb2 38. Nxb2 Bd7 39. a7 Bc6 40. c4 1-0

[Event "corr t-161"]
[Site "?"]
[Date "2004.??.??"]
[Round "?"]
[White "Yarmolyuk, YuP"]
[Black "Tesel'ko, VL."]
[Result "1-0"]
[WhiteElo "2270"]
[BlackElo "2230"]
[PlyCount "91"]
[EventDate "2004.??.??"]

1. Nf3 d5 2. c4 c6 3. b3 Bf5 4. Bb2 e6 5. g3 Nf6 6. Bg2 Nbd7 7. O-O Be7 8. d3
O-O 9. Nbd2 h6 10. a3 a5 11. Bc3 c5 12. Re1 d4 13. Bb2 Qc7 14. h3 e5 15. Nf1
Rfe8 16. e3 Ra7 17. exd4 exd4 18. Qc2 Ra6 19. b4 axb4 20. axb4 Rxa1 21. Rxa1 b6
22. b5 Bd6 23. Bc1 Ne5 24. Nxe5 Rxe5 25. Qd1 Re8 26. Qf3 Qd7 27. g4 Bg6 28.
Bxh6 Nxg4 29. Bxg7 Kxg7 30. hxg4 Qc7 31. Nd2 Bf4 32. Ne4 Bxe4 33. dxe4 Qd6 34.
Ra3 Rd8 35. Qd3 Rh8 36. Kf1 Qe6 37. Bh3 Be3 38. Bg2 Bg5 39. Qe2 Rh4 40. Ra7 Qe5
41. Qf3 Bf4 42. Rd7 Qg5 43. e5 Qxe5 44. Qb7 d3 45. Rxf7+ Kg8 46. Re7 {
Time 53/122} 1-0

[Event "corr t-161"]
[Site "?"]
[Date "2004.??.??"]
[Round "?"]
[White "Zholob, AF."]
[Black "Tyutyunnyk, RM."]
[Result "0-1"]
[WhiteElo "2205"]
[BlackElo "2155"]
[PlyCount "68"]
[EventDate "2004.??.??"]

1. d4 Nf6 2. c4 g6 3. Nc3 Bg7 4. e4 d6 5. Nf3 O-O 6. Be2 e5 7. dxe5 dxe5 8.
Qxd8 Rxd8 9. Bg5 Rf8 10. Nd5 Nxd5 11. cxd5 c6 12. dxc6 Nxc6 13. O-O Be6 14.
Rfd1 Nd4 15. Nxd4 exd4 16. Bd3 Rac8 17. Rdc1 a6 18. Bd2 Rxc1+ 19. Bxc1 f5 20.
f3 b5 21. b3 Kf7 22. Bd2 fxe4 23. fxe4 Bd7 24. Rf1+ Ke6 25. Rxf8 Bxf8 26. g3 h6
27. h4 Kf6 28. Kf2 g5 29. hxg5+ hxg5 30. e5+ Kxe5 31. Bxg5 Bg4 32. a4 bxa4 33.
bxa4 a5 34. Bd2 34... Bd1 {Prosrochka. Time 0*/83} 0-1

[Event "corr t-161"]
[Site "?"]
[Date "2004.??.??"]
[Round "?"]
[White "Zholob, AF."]
[Black "Andryuschenko, MM."]
[Result "0-1"]
[WhiteElo "2205"]
[BlackElo "2205"]
[PlyCount "52"]
[EventDate "2004.??.??"]

1. d4 Nf6 2. c4 e6 3. Nf3 Bb4+ 4. Bd2 Bxd2+ 5. Qxd2 O-O 6. Nc3 d5 7. e3 Qe7 8.
a3 Rd8 9. Rd1 Nbd7 10. Qc2 dxc4 11. Bxc4 c5 12. O-O Nb6 13. Ba2 Bd7 14. Ne5
Rac8 15. Bb1 g6 16. Qe2 Be8 17. dxc5 Qxc5 18. Nd3 Qg5 19. Nb4 Na4 20. Nxa4 Bxa4
21. Bc2 Bd7 22. Rd2 a5 23. Na2 Bb5 24. Bd3 Qd5 25. Nc3 Rxc3 26. Bxb5 Qxd2 0-1

[Event "corr t-161"]
[Site "?"]
[Date "2004.??.??"]
[Round "?"]
[White "Michishin, AM."]
[Black "Yarmolyuk, YuP"]
[Result "0-1"]
[WhiteElo "2305"]
[BlackElo "2270"]
[PlyCount "96"]
[EventDate "2004.??.??"]

1. e4 c5 2. Nf3 d6 3. d4 cxd4 4. Nxd4 Nf6 5. Nc3 Nc6 6. Be2 e6 7. O-O Be7 8.
Be3 O-O 9. f4 Bd7 10. Nb3 a6 11. Bf3 Rb8 12. g4 Be8 13. Qe1 Nd7 14. Rd1 b5 15.
e5 d5 16. g5 Nb6 17. Kh1 Nc4 18. Bc1 Qb6 19. Rg1 a5 20. Rg3 a4 21. Na1 a3 22.
bxa3 Nd4 23. Bg2 Nf5 24. Rh3 Bc6 25. Nb3 Bxa3 26. Bxa3 Nxa3 27. Rd2 Nc4 28. Rf2
Ra8 29. Qe2 Nce3 30. Nc1 d4 31. Ne4 Nxg2 32. Rxg2 Qb7 33. Nd6 Nxd6 34. exd6
Rfd8 35. Rhg3 Rxd6 36. h4 Bxg2+ 37. Rxg2 Ra3 38. Nd3 Rxa2 39. h5 b4 40. h6 Rd5
41. Qe4 b3 42. cxb3 Rxg2 43. Kxg2 Rxg5+ 44. Kf3 Rg3+ 45. Kxg3 Qxe4 46. Nc5 Qg6+
47. Kf3 Qh5+ 48. Ke4 48... Qxc5 {Time 158/59} 0-1

[Event "corr t-161"]
[Site "?"]
[Date "2004.??.??"]
[Round "?"]
[White "Voronin, OS."]
[Black "Yarmolyuk, YuP"]
[Result "0-1"]
[WhiteElo "2345"]
[BlackElo "2270"]
[PlyCount "80"]
[EventDate "2004.??.??"]

1. e4 e5 2. Nf3 Nc6 3. Bb5 a6 4. Ba4 Nf6 5. O-O Be7 6. Re1 b5 7. Bb3 O-O 8. c3
d5 9. exd5 Nxd5 10. Nxe5 Nxe5 11. Rxe5 c6 12. d4 Bd6 13. Re1 Qh4 14. g3 Qh3 15.
Be3 Bg4 16. Qd3 Rae8 17. Nd2 Re6 18. a4 Qh5 19. axb5 axb5 20. Qf1 Rfe8 21. Bxd5
Qxd5 22. Qg2 Qh5 23. f3 Bh3 24. Qf2 f5 25. Kh1 g5 26. d5 cxd5 27. Bd4 f4 28. g4
Qg6 29. Kg1 b4 30. Nb3 Rxe1+ 31. Rxe1 h5 32. Rxe8+ Qxe8 33. gxh5 Qxh5 34. Qe2
Qg6 35. Nc5 bxc3 36. bxc3 Kh7 37. c4 g4 38. Qd3 dxc4 39. Qxg6+ Kxg6 40. Ne4 Bb4
0-1

[Event "corr t-161"]
[Site "?"]
[Date "2004.??.??"]
[Round "?"]
[White "Tyutyunnyk, RM."]
[Black "Tsupko, BYu"]
[Result "1-0"]
[WhiteElo "2155"]
[BlackElo "2230"]
[PlyCount "111"]
[EventDate "2004.??.??"]

1. e4 Nf6 2. e5 Nd5 3. d4 d6 4. Nf3 g6 5. Bc4 Nb6 6. Bb3 Bg7 7. a4 c6 8. O-O
O-O 9. Re1 Bg4 10. h3 Bxf3 11. Qxf3 dxe5 12. dxe5 e6 13. Nc3 N8d7 14. Bf4 Qc7
15. Qe3 Nd5 16. Nxd5 cxd5 17. c3 Nb6 18. Rad1 Nc4 19. Bxc4 Qxc4 20. Rd4 Qa2 21.
Bh6 f5 22. exf6 Rxf6 23. Rh4 Bxh6 24. Qxh6 Rf7 25. Rxe6 Qb1+ 26. Kh2 Qf5 27.
Re2 Qd7 28. Rd4 Re8 29. Rxe8+ Qxe8 30. Qd2 Qc6 31. Kg1 Rf5 32. Qe3 Qf6 33. Rd1
b6 34. Re1 Qd6 35. a5 Qc5 36. axb6 axb6 37. Qe6+ Kg7 38. Re2 h5 39. Rd2 b5 40.
g4 hxg4 41. hxg4 Rf6 42. Qxd5 Qe7 43. Qd7 Rf7 44. Qxe7 Rxe7 45. Rd4 Kf6 46. Kg2
Re5 47. Kf3 Rc5 48. Rd6+ Kf7 49. Ke4 b4 50. Kd4 bxc3 51. bxc3 Rg5 52. f3 Ra5
53. f4 Ra1 54. f5 gxf5 55. gxf5 Rd1+ 56. Kc5 {Time 103/99} 1-0

[Event "corr t-161"]
[Site "?"]
[Date "2004.??.??"]
[Round "?"]
[White "Zholob, AF."]
[Black "Kochan, IM."]
[Result "0-1"]
[WhiteElo "2205"]
[BlackElo "2175"]
[PlyCount "60"]
[EventDate "2004.??.??"]

1. d4 Nf6 2. c4 e6 3. Nf3 b6 4. a3 Bb7 5. Nc3 d5 6. cxd5 Nxd5 7. Bd2 Be7 8. Qc2
O-O 9. e4 Nxc3 10. Bxc3 c5 11. dxc5 Bxc5 12. Bd3 Nc6 13. Rd1 Qc8 14. b4 Be7 15.
Qb2 f6 16. O-O a6 17. Rc1 Qe8 18. e5 Rd8 19. Qe2 b5 20. exf6 Bxf6 21. Bxf6 gxf6
22. Rc5 Rf7 23. Bc2 Rd6 24. Bb3 Rg7 25. g3 Kh8 26. Rfc1 Rgd7 27. Bc2 e5 28. Be4
Nd4 29. Nxd4 exd4 30. f3 30... Re7 {Vybuv} 0-1

[Event "corr t-161"]
[Site "?"]
[Date "2004.??.??"]
[Round "?"]
[White "Susedenko, VI."]
[Black "Zholob, AF."]
[Result "1-0"]
[WhiteElo "2210"]
[BlackElo "2205"]
[PlyCount "75"]
[EventDate "2004.??.??"]

1. e4 e6 2. d4 d5 3. Nd2 c5 4. exd5 Qxd5 5. Ngf3 cxd4 6. Bc4 Qd6 7. O-O Nf6 8.
Nb3 Nc6 9. Nbxd4 Nxd4 10. Qxd4 Qxd4 11. Nxd4 Bd7 12. Be2 Bc5 13. Nb3 Bb6 14. a4
a6 15. Bf3 O-O-O 16. Bd2 Bc6 17. Bxc6 bxc6 18. Bc3 Rhg8 19. Rfe1 Rd5 20. Nd2
Ng4 21. Re2 Rgd8 22. Ne4 f6 23. h3 Nh6 24. g4 Nf7 25. Rae1 h5 26. Kg2 hxg4 27.
hxg4 e5 28. Rh1 R8d7 29. Rh7 Nd6 30. Nxd6+ R5xd6 31. Re1 Re6 32. Kf3 g6 33. Rh6
Rg7 34. a5 Bc5 35. Rh8+ Kb7 36. Rd1 Rf7 37. Ke2 f5 38. gxf5 {Time 40/0*} 1-0

[Event "corr t-161"]
[Site "?"]
[Date "2004.??.??"]
[Round "?"]
[White "Michishin, AM."]
[Black "Zholob, AF."]
[Result "1-0"]
[WhiteElo "2305"]
[BlackElo "2205"]
[PlyCount "53"]
[EventDate "2004.??.??"]

1. e4 e6 2. d4 d5 3. Nd2 c5 4. exd5 Qxd5 5. Ngf3 cxd4 6. Bc4 Qd6 7. O-O Nf6 8.
Nb3 Nc6 9. Nbxd4 Nxd4 10. Nxd4 a6 11. Re1 Qc7 12. Bb3 Bd6 13. Nf3 Bd7 14. Bg5
Bc6 15. Qe2 O-O-O 16. c4 h6 17. Bh4 g5 18. Bg3 Bxg3 19. hxg3 Ne4 20. Bc2 f5 21.
Rad1 e5 22. Nd2 Nxd2 23. Bxf5+ Bd7 24. Bg6 Nxc4 25. Rc1 b5 26. b3 Be6 27. a4
1-0